00649nam a22001937a 4500003000500000005001700005008004100022010001000063011001000073035001000083040000900093100003500102245009200137260004000229300003000269502007800299650003600377650004200413CHAP20220329135927.0971013s1986 r 00010 d a44231 a45203 a49342 cCHAP00aTapia García, María Judit. aCaracterización y purificación del virus moteado clorótico del maíz en México aChapingo, Méx. :bEl autor,c1986 a56 h.b: ilus. ; gráfs. aTesis (M. en C. Esp. en Fitopatología) -- CP. Centro de Fitopatología14aMaízxEnfermedades por virus.14aVirus moteado clorótico del maíz.